| 000 | 00557nam a2200181Ia 4500 | ||
|---|---|---|---|
| 003 | GCL | ||
| 008 | 140319s9999 xx 000 0 ara d | ||
| 040 |
_aGCL / _cGCL |
||
| 082 | 0 | 4 |
_a403.61 _bم م |
| 100 | 1 | _aمجمع اللغة العربية | |
| 245 | 1 | 0 |
_aمعجم المصطلحات الطبية: 2ج / _cمجمع اللغة العربية |
| 260 |
_a[S.N] : _bمجمع اللغة العربية ، _c1990 |
||
| 300 | _a231 ص | ||
| 650 | 0 | 4 | _aالطب |
| 650 | 0 | 4 | _aالمعاجم |
| 650 | 0 | 4 | _aالمراجع المتخصصة |
| 942 |
_2ddc _cREF |
||
| 999 |
_c59732 _d59732 |
||